Just Keep Watching - Tate McRae Lyrics - Statistics

General Stats
  • This quiz has been taken 75 times
  • The average score is 242 of 324
Answer Stats
Answer % Correct
just
98%
keep
98%
what
98%
watchin'
96%
I
91%
the
89%
you
89%
like
87%
my
87%
this
87%
back
84%
me
84%
on
84%
eyes
78%
go
78%
keep
76%
archin'
73%
to
73%
it
71%
night
71%
for
69%
track
69%
wanna
69%
with
69%
down
67%
goes
67%
by
64%
don't
64%
it's
64%
know
64%
move
64%
that
64%
your
64%
can't
62%
hair
62%
if
62%
let
62%
one
62%
start
62%
tell
62%
up
62%
ain't
60%
all
60%
'em
60%
here
60%
is
60%
out
60%
wrist
60%
alright
58%
in
58%
mind
58%
twist
58%
but
56%
buyin'
56%
how
56%
love
56%
make
56%
right
56%
give
53%
I'm
53%
lights
53%
from
51%
place
51%
take
51%
'til
51%
they
49%
face
47%
friends
47%
might
47%
time
47%
where
47%
difficult
44%
I'll
44%
show
44%
try
44%
staring
42%
while
42%
'cause
38%
ooh
13%
No matching quizzes found
Score Distribution
Percent of People with Each Score
Percentile by Number Answered
Your Score History
You have not taken this quiz